Колебания и волновые процессы. Теория. Задачи с решениями

Detaylı Bibliyografya
Yazar: Кабисов К. С. Казбек Сардионович
Diğer Yazarlar: Камалов Т. Ф. Тимур Фянович, Лурье В. А. Владимир Александрович
Özet:Настоящее издание содержит краткий теоретический курс (последовательное введение основных понятий и уравнений, описывающих механические колебания и волны). Каждый раздел сопровождается сгруппированными по степени сложности задачами, которые помогают более глубокому изучению и освоению теоретического материала. Решения большинства задач приводятся подробно, включая методические указания и ссылки на соответствующие формулы и параграфы теоретического курса. Предполагается, что учащийся знаком с основами математического анализа, векторного исчисления и комплексными числами. Для облегчения работы с пособием в математических дополнениях к нему излагаются все необходимые сведения по этим разделам математики. Предназначено для студентов высших технических учебных заведений и учителей.
Dil:Rusça
Baskı/Yayın Bilgisi: Москва, КомКнига, 2005
Konular:
Materyal Türü: MixedMaterials Kitap
KOHA link:https://koha.lib.tpu.ru/cgi-bin/koha/opac-detail.pl?biblionumber=99053

MARC

LEADER 00000nam0a2200000 4500
001 99053
005 20231031111536.0
010 |a 5484000491 
035 |a (RuTPU)RU\TPU\book\106226 
090 |a 99053 
100 |a 20060627d2005 m y0rusy50 ca 
101 0 |a rus 
102 |a RU 
105 |a a j 001zy 
200 1 |a Колебания и волновые процессы. Теория. Задачи с решениями   |f К. С. Кабисов, Т. Ф. Камалов, В. А. Лурье 
210 |a Москва  |c КомКнига  |d 2005 
215 |a 357 с.  |c ил. 
320 |a Библиогр.: с. 357. 
330 |a Настоящее издание содержит краткий теоретический курс (последовательное введение основных понятий и уравнений, описывающих механические колебания и волны). Каждый раздел сопровождается сгруппированными по степени сложности задачами, которые помогают более глубокому изучению и освоению теоретического материала. Решения большинства задач приводятся подробно, включая методические указания и ссылки на соответствующие формулы и параграфы теоретического курса. Предполагается, что учащийся знаком с основами математического анализа, векторного исчисления и комплексными числами. Для облегчения работы с пособием в математических дополнениях к нему излагаются все необходимые сведения по этим разделам математики. Предназначено для студентов высших технических учебных заведений и учителей. 
610 1 |a механические колебания 
610 1 |a волновые процессы 
610 1 |a волны 
610 1 |a задачи 
610 1 |a решения 
610 1 |a свободные колебания 
610 1 |a вынужденные колебания 
610 1 |a резонанс 
610 1 |a автоколебания 
610 1 |a гармонические колебания 
610 1 |a демонстрационные эксперименты 
610 1 |a звук 
610 1 |a волновые уравнения 
610 1 |a плоские волны 
610 1 |a упругие волны 
610 1 |a сферические волны 
610 1 |a принцип Гейгенса 
610 1 |a интерференция 
610 1 |a дифракция 
610 1 |a стоячие волны 
610 1 |a эффект Доплера 
610 1 |a скалярные величины 
610 1 |a векторные величины 
610 1 |a комплексные переменные 
610 1 |a комплексные числа 
610 1 |a дифференциальные уравнения 
610 1 |a прямолинейная тригонометрия 
610 1 |a дифференцирование 
610 1 |a интегрирование 
610 1 |a учебные пособия 
675 |a 534(075.8)  |v 3 
700 1 |a Кабисов  |b К. С.  |g Казбек Сардионович 
701 1 |a Камалов  |b Т. Ф.  |g Тимур Фянович 
701 1 |a Лурье  |b В. А.  |g Владимир Александрович 
801 1 |a RU  |b 63413507  |c 20060627  |g PSBO 
801 2 |a RU  |b 63413507  |c 20061225  |g PSBO 
942 |c BK 
959 |a 59/20060626  |d 1  |e 319,00  |f ЧЗТЛ:1